Gesetzesquellen Verwaltungsrecht - Statistiken

Allgemein
  • Dieses Quiz wurde 16 mal gespielt
  • Das Durchschnittsergebnis liegt bei 8 aus 30
Antwortstatistiken
Bestimmung Gesetzesstelle % Korrekt
Gesetzesvorbehalt Art. 20 Abs. 3 GG
64%
Anhörung Erforderlichkeit § 28 Abs. 1 VwVfG
55%
Anhörung Entbehrlichkeit § 28 Abs. 2 VwVfG
55%
Verwaltungsakt § 35 S. 1 VwVfG
55%
Widerruf Belastend § 49 Abs. 1 VwVfG
55%
Örtliche Zuständigkeit (Lex Generalis) § 3 VwVfG
45%
Allgemeine Handlungsfreiheit Art. 2 Abs. 1 GG
45%
Nebenbestimmungen § 36 VwVfG
36%
Begründung § 39 Abs. 1 VwVfG
36%
Ermessen § 40 VwVfG
36%
Widerruf Begünstigend 1 § 49 Abs. 2 VwVfG
36%
Rechtsbehelfsfrist Verlängerung § 58 VwGO
36%
Allgemeinverfügung § 35 S. 2 VwVfG
27%
Rechtsbehelfsbelehrung § 37 Abs. 6 VwVfG
27%
Bekanntgabe § 41 Abs. 1 VwVfG
27%
Widerruf Begünstigend 2 § 49 Abs. 3 VwVfG
27%
Rechtsbehelfsfrist Regulär (1 Monat) § 70 VwGO
27%
Verfahrensvorschriften §§ 9 ff. VwVfG
27%
Inhaltsadressat als Beteiligter § 13 Abs. 1 Nr. 2 VwVfG
18%
Behörde § 1 Abs. 4 VwVfG
18%
Formfreiheit § 37 Abs. 2 S. 1 VwVfG
18%
Gefahr in Verzug § 28 Abs. 2 Nr. 1 VwVfG
9%
Fristen § 31 Abs. 1 VwVfG i.V.m. §§ 187 f. BGB
9%
3-Tages-Fiktion § 41 Abs. 2 S. 1 VwVfG
9%
Anhörung Heilung § 45 Abs. 1 Nr. 3, Abs 2. VwVfG
9%
Rücknahme Begünstigend 1 § 48 Abs. 1, 2 VwVfG
9%
Rücknahme Belastend § 48 Abs. 1 S. 1 VwVfG
9%
Rücknahmefrist nach Kenntnisnahme § 48 Abs. 4 S. 1 VwVfG
9%
Fristen - Wochenende oder Feiertage § 31 Abs. 3 S. 1 VwVfG
0%
Rücknahme Begünstigend 2 § 48 Abs. 1, 3 VwVfG
0%
Keine übereinstimmenden Quizze gefunden
Verteilung der Resultate
Anzahl Personen mit jedem Resultat
Perzentil nach korrekt beantworteten Fragen
Ihre Resultats-Entwicklung
Sie haben dieses Quiz noch nicht gespielt